Normal view
MARC view
- EVERGREEN,S
Entry Personal Name
001 - CONTROL NUMBER
- control field: 91747
003 - CONTROL NUMBER IDENTIFIER
- control field: NUST
005 - DATE AND TIME OF LATEST TRANSACTION
- control field: 20220523150020.0
008 - FIXED-LENGTH DATA ELEMENTS
- fixed length control field: 220523|| aca||aabn | a|a d
040 ## - CATALOGING SOURCE
- Original cataloging agency: NUST
- Transcribing agency: NUST
100 ## - HEADING--PERSONAL NAME
- Personal name: EVERGREEN,S
670 ## - SOURCE DATA FOUND
- Source citation: Work cat.: (NUST): EVERGREEN,S., EFFECTIVE DATA VISUALIZATION THE RIGHT CHAT FOR THE RIGHT DATA /, 2020.
